000 00707nam a2200217 a 4500
005 20221206063556.0
008 040506s2002 mx r 000 0 spa d
020 _a9501265250
035 _aUPN01000133323
049 _aCG
050 4 _aCB428
_bG7.4
100 1 _aGrüner, Eduardo
245 1 3 _aEl fin de las pequeñas historias :
_bde los estudios culturales al retorno imposible de lo trágico /
_cEduardo Grüner.
260 _aBuenos Aires :
_bPaidós,
_c2002.
300 _a412 p.
440 0 _aEspacios del saber ;
_v25
650 4 _aCivilización moderna
_y1950-
_910800
650 4 _aCULTURA -
_xASPECTOS SOCIALES
_96808
650 2 _aGlobalización
_xAspectos sociales
_912860
905 _aLibro
999 _c105475
_d105475